1884 1694 1250 1310 1150 1685 1329 1660 1403 1055 1002 1393 1106 1504 1987 1497 1792 1891 1349 1861 1445 1991 1828 1506 1860 1919 1181 1380 1504 1128 1721 1362 1816 1556 1454 1665 1962 1673 1305 1019 1739 1027 1250 1207 1292 1245 1962 1527 1860 1944 1498 1211 1264 1249 1062 1734 1207 1722 1169 1211 1266 1474 1063 1005 1083 1236 1558 1041 1332 1390 1560 1196 1886 1224 1847 1516 1892 1340 1992 1878 1295 1656 1562 1674 1989 1288 1188 1314 1402 1129 1974 1361 1637 1821 1048 1703 1813 1197 1056 BCNSPRNW ULIB Ver.6.0+V

เปลี่ยนเป็นภาษาไทย

Change to English
 แสดงรายละเอียดบรรณานุกรม
  กลับหน้าหลัก

Brief Record : Get Marc (ISO 2709) : E-mail record : QR code < ปิดหน้าต่าง
LEADER : 00000nam 2200000uu 4500
001    13399111324
003     ULIB
008    110622s2549||||th 000 0 tha d
020    9741335423
050  0 QC21.2^bฟ459 2549
100 0  คณาจารย์ภาควิชาฟิสิกส์ คณะวิทยาศาสตร์ จุฬาลงกรณ์มหาวิทยาลัย
245 00 ฟิสิกส์ 1/^cเขียนโดยคณาจารย์ภาควิชาฟิสิกส์ คณะวิทยาศาสตร์ จุฬาลงกรณ์มหาวิทยาลัย
250    พิมพ์ครั้งที่ 14
260    กรุงเทพฯ:^bจุฬาลงกรณ์มหาวิทยาลัย,^c2549
300    400 หน้า
650  0 ฟิสิกส์1
945    ^p150^l0^i14095
945    ^p150^l0^i14094
995    กัณชพร
999 ^a ใช้งานได้ทุกระบบ
รายการนี้ยังไม่มีแท็ก
คุณยังไม่ได้ล็อกอิน คุณสามารถมีกิจกรรมร่วมกับเว็บไซต์ได้ แต่ต้องล็อกอินก่อน ::
  ล็อกอิน

รายการสื่อสารสนเทศ

ลำดับที่ ประเภท เลขเรียก/บาร์โค้ด สถานที่ สถานะ
- ไม่พบข้อมูล -

รายการใกล้เคียง
    ผู้แต่ง [คณาจารย์ภาควิชาฟิสิกส์ คณะวิทยาศาสตร์ จุฬาลงกรณ์มหาวิทยาลัย]

    หัวเรื่อง [ฟิสิกส์1]

BibComment


ยังไม่เคยถูกคอมเมนท์

คอมเมนท์ทรัพยากรรายการนี้
  คอมเมนท์: ฟิสิกส์ 1 เขียนโด..


 Copyright 2026. Bcnsprnw @Library